000 00377pab a2200157 454500
008 180718b1996 xxu||||| |||| 00| 0 eng d
100 _aTrikha, N.K.
245 _aElectoral reforms
_bstate funding as first step.
260 _c1996
300 _ap.8
362 _a26 Jan
650 _aElections - India
650 _aElections
773 _aIndian Express
909 _a31405
999 _c31405
_d31405